Poroškovaja metallurgija : Materialy, technologija, svojstva, oblasti primenenija. Spravočnik
Saved in:
| Format: | Book |
|---|---|
| Language: | Russian |
| Published: |
Kijev :
Naukova dumka,
1985
|
| Subjects: | |
| Tags: |
No Tags, Be the first to tag this record!
|
MARC
| LEADER | 00000nam a22000003a 4500 | ||
|---|---|---|---|
| 001 | stu40690 | ||
| 005 | 20141122045032.7 | ||
| 008 | 930524s1985----xxr-----------------rus-d | ||
| 040 | |a STU |b slo | ||
| 041 | 0 | |a rus | |
| 044 | |a xxr | ||
| 080 | |a 621.762 | ||
| 245 | |a Poroškovaja metallurgija : |b Materialy, technologija, svojstva, oblasti primenenija. Spravočnik | ||
| 260 | |a Kijev : |b Naukova dumka, |c 1985 | ||
| 300 | |a 623 s | ||
| 650 | 7 | |a metalurgia prášková |2 stusub | |
| 996 | |b 284M016312 |c M*1176-3 |l MMKN |s A |a 24 |w stu40690_0001 | ||
| 996 | |b 284M061960 |c M*1176-2 |l MMKN |s A |a 24 |w stu40690_0002 | ||